000
00295nam a22001337a 4500
008
181203b xxu||||| |||| 00| 0 eng d
020
_a
9780470467244
041
_a
eng
080
_a
530
100
_a
43
101
_a
FIZ
245
_a
String Theory for Dummies
_c
Jones,A.Z
942
_2
udc
_c
BK
999
_c
52724
_d
52724